000 00854nam a2200217 a 4500
003 0
005 20250310122759.0
008 080730s19uu xx 00 eng d
050 _aPGS LB 3609
_b.J61 2008
100 _aJin, Don Hyun.
245 _aPerceptions of middle school ILC students on feelings of belongingness /
_cDon Hyun Jin.
260 _aLas PiƱas City, Philippines :
_bSouthville International School and Colleges,
_c2008.
300 _a22 pages :
_billustrations ;
_c28 cm.
504 _aIncludes bibliographical references.
650 _aSense of belonging in schools.
650 _aStudent attitudes
_vSocial aspects.
650 _aMiddle school students
_vPsychological aspects.
650 _aMulticultural education
_vStudent integration.
650 _aInternational students
_vSocial adjustment.
942 _2lcc
_cPASS
999 _c98007
_d98007